Los Agenciamientos sociales y la prevención integral del uso indebido de drogas: una lectura cultural /
में बचाया:
| मुख्य लेखक: | |
|---|---|
| स्वरूप: | मूलपाठ |
| श्रृंखला: | SERIE POLITICAS SOCIALES/CEPAL
|
| टैग: |
टैग जोड़ें
कोई टैग नहीं, इस रिकॉर्ड को टैग करने वाले पहले व्यक्ति बनें!
|
MARC
| LEADER | 00000 a a2200000 04500 | ||
|---|---|---|---|
| 001 | 48418 | ||
| 003 | |||
| 040 | |||
| 090 | |a REV1291 (61) 2002 | ||
| 100 | |a Pulido, María Elena | ||
| 245 | |a Los Agenciamientos sociales y la prevención integral del uso indebido de drogas: una lectura cultural / |c María Elena Pulido | ||
| 440 | |a SERIE POLITICAS SOCIALES/CEPAL | ||
| 773 | |g número61, (200) | ||
| 999 | |c 30773 |d 30773 | ||
